000
00250nam a2200085Ia 4500
245
0
_a
Life oriantation. Grade 11 : study and master
100
_a
TURNER, Mandy Cape Town, 2009
_9
42783
942
_c
BK
008
210818s9999 xx 000 0 und d
999
_c
436620
_d
436619